00240nam a22000857a 4500008004100000082001900041245004700060260003900107300000800146230623b xxu||||| |||| 00| 0 eng d a330.bTHO 1996 aThe AERC Research Programme: An Evaluation bEconomic Research Consortiumc1996 a81p